| 000 | 00782cam a2200229 a 4500 | ||
|---|---|---|---|
| 001 | 75267 | ||
| 003 | BD-RjUL | ||
| 005 | 20211209082651.0 | ||
| 008 | 870723s1937 enka 000 0 eng d | ||
| 035 | _a(BD-RjUL)75485 | ||
| 040 |
_aAUC _beng _cAUC |
||
| 041 | _aeng | ||
| 082 |
_223 _a338.1 _bPRO 1937 |
||
| 245 | 1 | 4 |
_a proceedings of the fourth International Conference of Agriculturoal Economists held at st. andrews Scotland _c30 August to 6 september 1936 |
| 260 |
_aLondon : _bOxford University press, _c1937 |
||
| 300 |
_a528 Pages : _bIlutration _c23 cm |
||
| 504 | _aIncludes Bibliographycal Reference and Index | ||
| 650 |
_aAgriculture _vEconomic aspects _xCongresses. _9227977 |
||
| 650 |
_aagricultural economics. _9227978 |
||
| 942 |
_2ddc _cBK |
||
| 999 |
_c75267 _d75267 |
||